00443nam a2200181 a 4500001001300000003000900013005001700022008004100039020000800080082001700088100001500105245001900120260003700139300000900176500003500185505001000220650003100230nice12345678IN_TiNIC20260116011407.0050524s1960 alia grp 000 0 eng  ac000a915.927bREI aReinaud, M aArab Geography aAligarhbMuslim Universityc1960 a239p aincludes index and biblioraphy2 aIndex aGeography-Arab Geographers